Odessa Sea: (Record no. 6431)

MARC details
005 - DATE AND TIME OF LATEST TRANSACTION
control field 20250629153506.0
020 ## - INTERNATIONAL STANDARD BOOK NUMBER
International Standard Book Number 978-0-718-18462-9
082 ## - DEWEY DECIMAL CLASSIFICATION NUMBER
Classification number 813.54 CUS
100 ## - MAIN ENTRY--PERSONAL NAME
Author name CUSSLER,C.
245 ## - TITLE STATEMENT
Title Odessa Sea:
260 ## - PUBLICATION, DISTRIBUTION, ETC.
Place of publication, distribution, etc. London,
Name of publisher, distributor, etc. Penguin Random House UK,
Date of publication, distribution, etc. 2016.
300 ## - PHYSICAL DESCRIPTION
Extent 486p.
Dimensions 25cm
700 ## - ADDED ENTRY--PERSONAL NAME
Other authors/Editors Cussler,Dirk
942 ## - ADDED ENTRY ELEMENTS (KOHA)
Source of classification or shelving scheme Dewey Decimal Classification
Koha item type Books
Holdings
Date last seen Total checkouts Full call number Barcode Cost, replacement price Price effective from Koha item type Lost status Source of classification or shelving scheme Damaged status Not for loan Withdrawn status Home library Current library Shelving location Date acquired Source of acquisition Cost, normal purchase price
06/29/2025   813.54 CUS MZA0002949 90000.00 06/29/2025 Books   Dewey Decimal Classification       CBE Mwanza CBE Mwanza General Collection 07/19/2018 TLSB Donation 30000.00
06/29/2025   813.54 CUS MZA0002950 90000.00 06/29/2025 Books   Dewey Decimal Classification       CBE Mwanza CBE Mwanza General Collection 07/19/2018 TLSB Donation 30000.00